000 00321nam a22001457a 4500
008 221011b ||||| |||| 00| 0 eng d
020 _a072162202
041 _aeng
080 _224TH EDITION
_a61
082 _a61
100 _a5
101 _aMJK
245 _aMEDICAL DICTIONARY
_cDORLAND'S POCKET
942 _2udc
_cBK
999 _c58476
_d58476